| 000 | 02251cam a2200565 4500 | ||
|---|---|---|---|
| 001 | 21567 | ||
| 003 | VRT | ||
| 005 | 20260305085731.0 | ||
| 008 | 251103s2018 xr af br 000 j slo | ||
| 015 | _aSNBZSA2020/01 | ||
| 020 |
_a9788027120239 _q(viazané) |
||
| 035 | _aurn:nbn:sk:snk-am00dx8x | ||
| 035 | _aurn:nbn:sk:snk-am3i8ch | ||
| 035 | _a7ABA194D-3170-4FB1-83C6-96142B9023B5 | ||
| 039 | 9 |
_a202511031442 _bVLOAD _c202404251138 _dmsnk159 _c202305111009 _dmsnk176 _c202202271353 _dAUTHORITY |
|
| 040 |
_aZKSE _bslo _cZKSE _dSNK _erda |
||
| 041 | 1 |
_aslo _hcze |
|
| 044 |
_axr _cCZ |
||
| 072 | 7 |
_a821.162.3 _xČeská literatúra _2konspekt |
|
| 072 | 7 |
_a821-93 _xLiteratúra pre deti a mládež (beletria) _2konspekt |
|
| 080 |
_a821.162.3-32 _22011 |
||
| 080 |
_a82-93-053.4/.5 _22011 |
||
| 100 | 1 |
_aPospíšilová, Zuzana, _d1975- _4aut |
|
| 240 | 1 | 0 |
_aKouzelná třída _lSlovensky |
| 245 | 1 |
_aKúzelná trieda _cZuzana Pospíšilová ; ilustrácie Drahomír Trsťan ; preložila Miriam Ghaniová |
|
| 250 | _aVydanie 1. | ||
| 264 | 1 |
_aPraha _bBambook _c2018 |
|
| 300 |
_a71 strán _bilustrácie, ilustrované listy _c22 cm |
||
| 336 |
_atext _btxt _2rdacontent |
||
| 336 |
_astatický obraz _bsti _2rdacontent |
||
| 337 |
_abez média _bn _2rdamedia |
||
| 338 |
_azväzok _bnc _2rdacarrier |
||
| 490 | 1 | _aČtení pro prvňáčky | |
| 500 | _aVydalo nakladateľstvo Grada Publishing, a. s., pod značkou bambook | ||
| 500 | _aPreložené z českého originálu | ||
| 655 | 7 |
_ačeské príbehy _2SNKPH |
|
| 655 | 7 |
_aliteratúra pre deti _2SNKPH |
|
| 655 | 7 |
_aCzech stories _2SNKPHeng |
|
| 655 | 7 |
_aChildren's literature _2SNKPHeng |
|
| 700 | 1 |
_aTrsťan, Drahomír, _d1958- _4ill |
|
| 700 | 1 |
_aGhaniová, Miriam _4trl |
|
| 710 | 2 |
_aGrada Publishing, a.s. _4pbl |
|
| 787 | 0 | 8 |
_iZo série: _tKúzelná trieda _g1 |
| 830 | 0 | _aČtení pro prvňáčky | |
| 942 |
_2ddc _cKLDE _n0 |
||
| 949 |
_6273K0660621 _asvkpoB 111547 _bsvkpo652504 _pDotlač 1., r. 2019 - dotlač k 1. vydaniu (r. 2018) |
||
| 949 |
_6273K0631852 _asvkpoB 104734 _bsvkpo626457 |
||
| 949 |
_617A1360959 _asnkSC 183277 _bsnk2019/6729 _oVydavatelství a nakladatelství Aleš Čeněk153-ah/33Int. č. fa – 145/2018 _s6100:20200117 |
||
| 999 |
_c21567 _d21567 |
||